| 000 | 00956cam a22002891 4500 | ||
|---|---|---|---|
| 001 | 1695866 | ||
| 003 | ARRUPE | ||
| 005 | 20161202104846.0 | ||
| 008 | 711124m19659999nyu b 000 0 eng | ||
| 010 | _a 64015929 | ||
| 040 |
_aDLC _cDLC _dDLC |
||
| 041 | 1 | _aengger | |
| 050 | 0 | 0 |
_aBR145.2 _b.J413 |
| 082 | 0 | 0 | _a270 |
| 100 | 1 |
_aJedin, Hubert, _d1900- _eed. _927872 |
|
| 245 | 1 | 0 |
_aHandbook of church history/ _cedited by Hubert Jedin and John Dolan. |
| 260 |
_aNew York _bHerder and Herder _c[1969 |
||
| 300 |
_axviii,573p.; _c25 cm. |
||
| 500 | _aVols. 5- published under title: History of the church. | ||
| 504 | _aIncludes bibliographies. | ||
| 505 | 1 | _av. 1 From the apostolic community to Constantine, by K. Baus. | |
| 610 | 2 | 0 |
_aCatholic Church _xHistory. _911098 |
| 650 | 0 |
_aChurch history. _927873 |
|
| 700 | 1 |
_aDolan, John Patrick, _ejoint ed. _927874 |
|
| 906 |
_a7 _bcbc _corignew _du _eocip _f19 _gy-gencatlg |
||
| 942 |
_2lcc _cMONOGRAPH |
||
| 999 |
_c125852 _d125852 |
||